Zdanenie cien a výhier s príkladmi

Zmeny v zdaňovaní výhier a cien v súlade s novým zákonom o dani z príjmov č. 595/2003 Z.z.

Gespeichert in:
Bibliographische Detailangaben
1. Verfasser: Jarinkovičová, Valéria
Format: Buchkapitel
Sprache:Slowakisch
Schlagworte:
Tags: Tag hinzufügen
Keine Tags, Fügen Sie das erste Tag hinzu!

MARC

LEADER 00000naa$a2200000$$$4500
001 0011778
005 20231106070136.6
041 0 |a slo 
044 |a SK 
245 1 0 |a Zdanenie cien a výhier s príkladmi  |c aut. Valéria Jarinkovičová 
520 |a Zmeny v zdaňovaní výhier a cien v súlade s novým zákonom o dani z príjmov č. 595/2003 Z.z. 
610 2 0 |a hry 
610 2 0 |a hry hazardné 
610 2 0 |a oceňovanie 
610 2 0 |a zdaňovanie 
100 1 |a Jarinkovičová, Valéria